000 00492pab a2200169 454500
008 180718b2008 xxu||||| |||| 00| 0 eng d
100 _aMarlinsen, Dorte Sindbjerg
245 _aThe Europeanization of health care governance: implementing the market imperatives of Europe
260 _c2008
300 _ap.169-84.
650 _aHealth services - Europe
650 _aHealth services
700 _aVrangbaek, Karsten
773 _aPublic Administration
908 _aN
909 _a77886
999 _c77886
_d77886